| 000 | 00373cam a2200157ua 4500 | ||
|---|---|---|---|
| 003 | OSt | ||
| 008 | 250328b |||||||| |||| 00| 0 eng d | ||
| 041 | _aeng | ||
| 082 |
_a621.902 _bNAG/MA |
||
| 100 |
_aNagpal, G.K . _97349 |
||
| 245 | _aMachine tool engineering / | ||
| 250 | _a3 / | ||
| 260 |
_aDelhi : _bKhanna publishers , _c1989. |
||
| 300 | _a400 ; . | ||
| 942 | _cBK | ||
| 999 |
_c7569 _d7569 |
||